000 00615nam a2200241Ia 4500
003 OSt
005 20221005123243.0
006 a|||||r|||| 00| 0
007 ta
008 221004b |||||||| |||| 00| 0 mal d
024 _a55586
037 _cTextual
040 _aCRL
_cCRL
_bmal
041 _2mal
_amal
082 _aO32,1:g, L0
100 _aSachidanandan Au.
_9633419
245 0 _aKurukshetram
260 _c1970
650 _a MALAYALAM LITERATURE
_938866
650 _aMALAYALAM DRAMA
_9207189
942 _hO32,1:g, L0
_cTEXL
_2cc
999 _c1046846
_d1046846